Представление документа в формате RUSMARC

ПолеНазваниеЗначение
  Тип записи a
  Библиографический уровень m
001 Контрольный номер RU/УОНБ/EK/691078890
005 Дата корректировки 20250520123146.5
010 Индекс ISBN __
d Цена 20 к.
9 Тираж 500 экз.
100 Данные общей обработки __
a Данные общей обработки 20211124d1982 u y0rusy0189||||ca
101 Язык документа 1_
a Язык текста rus
c Язык оригинала mon
102 Страна публикации __
a Страна публикации RU
105 Кодированные данные (монография) __
a Кодированные данные (монография) a z 000yy
200 Заглавие и сведения об ответственности 1_
a Заглавие Выставка произведений художников Монгольской Народной Республики, посвященная сотрудничеству СССР и МНР в освоении космоса
e Сведения, относящиеся к заглавию каталог
e Сведения, относящиеся к заглавию [пер. с монг.]
f Первые сведения об ответственности Союз худож. СССР, Союз монг. худож.
210 Выходные данные 1_
a Место издания Москва
c Издательство Сов. художник
d Дата издания 1982
215 Физическое описание __
a Объем [15] с.
c Иллюстрации/тип воспроизводства ил.
d Формат 29Х14 см
606 Тематические рубрики 0_
a Основная рубрика Монгольское изобразительное искусство
y Географическая подрубрика Москва
z Хронологическая подрубрика 1982 г.
j Формальный подзаголовок Выставки
606 Тематические рубрики 0_
a Основная рубрика Космонавтика в изобразительном искусстве
y Географическая подрубрика Москва
z Хронологическая подрубрика 1982 г.
j Формальный подзаголовок Выставки
610 Ключевые слова 0_
a Ключевые слова монгольское изобразительное искусство
610 Ключевые слова 0_
a Ключевые слова выставки живописи монгольских художников
610 Ключевые слова 0_
a Ключевые слова космонавтика в изобразительном искусстве
686 Индексы других классификаций __
a Классификационный индекс 85.103(5)
2 Код системы rubbk
710 Наименование организации. (Первичная ответственность) 02
a Организация/ юрисдикция Выставка произведений художников МНР, посвященная сотрудничеству СССР и МНР в освоении космоса
e Место проведения Москва
f Дата проведения 1982
4 Код отношения 570
712 Наименование организации (Вторичная ответственность) 02
a Организация/ юрисдикция Союз художников СССР
4 Код отношения 570
801 Источник записи _0
a Страна RU
b Организация Ульяновская ОНБ
c Дата составления 20211124
g Правила каталогизации RCR
801 Источник записи _1
a Страна RU
b Организация Ульяновская ОНБ
c Дата составления 20211124
g Правила каталогизации RCR
901 Тип документа __
t Тип документа m
909 Создатель записи __
a Создатель записи Шувалова
938 Служебная информация __
a Имя БД retro
b Имя библиотеки УОНБ
c Имя АИБС МАРК-SQL
d Номер DOC_ID в БД 384489